| 000 | 00492nam a22001817a 4500 | ||
|---|---|---|---|
| 005 | 20251108172544.0 | ||
| 008 | 250721s2000 xx 000 0 ara d | ||
| 020 | _a1855134012 | ||
| 082 | 1 | 4 | _a811.9/مقا |
| 100 | 1 | _aالمقالح، عبدالعزيز | |
| 245 | 1 | 0 | _aكتاب صنعاء / |
| 264 | 1 |
_aلبنان : _bرياض الريس، _c2000. |
|
| 300 | _a242 ص. | ||
| 650 | 1 | 7 | _aالشعر العربي |
| 650 | 1 | 7 | _aتاريخ اليمن |
| 942 |
_2ddc _cBK |
||
| 999 |
_c82430 _d82430 |
||